Leadership l'art et la science de la direction d'entreprise
Na minha lista:
| Autor principal: | |
|---|---|
| Formato: | Livro |
| Idioma: | francês |
| Publicado em: |
Montreuil
Pearson
2013
|
| Colecção: | Management en action
Apprendre toujours |
| Assuntos: | |
| Tags: |
Sem tags, seja o primeiro a adicionar uma tag!
|
MARC
| LEADER | 00000nam a2200000 4500 | ||
|---|---|---|---|
| 001 | 0178518 | ||
| 005 | 20231215114637.7 | ||
| 020 | |a 978-2-7440-7647-3 | ||
| 041 | 0 | |a fre | |
| 044 | |a FR | ||
| 245 | 1 | 0 | |a Leadership |b l'art et la science de la direction d'entreprise |c Valérie Claire Petit |
| 264 | 1 | |a Montreuil |b Pearson |c 2013 | |
| 300 | |a 288 s. | ||
| 490 | 1 | |a Management en action | |
| 830 | 0 | |a Management en action | |
| 490 | 1 | |a Apprendre toujours | |
| 830 | 0 | |a Apprendre toujours | |
| 610 | 2 | 0 | |a vodcovstvo |
| 610 | 2 | 0 | |a lídri |
| 610 | 2 | 0 | |a vedenie ľudí |
| 610 | 2 | 0 | |a vedenie podniku |
| 100 | 1 | |a Petit, Valérie Claire | |